| 000 | 00742nmm a2200289 a 4500 | ||
|---|---|---|---|
| 003 | AR-BaBNM | ||
| 005 | 20251128202644.0 | ||
| 008 | 107119s1979 ||||||||||||||000 | spa|| | ||
| 040 | _cAR-BaBNM | ||
| 100 | 1 | _aSignorelli de Marti, Rosa | |
| 245 | 1 | 0 | _aLa mujer en latinoamérica |
| 260 |
_aBuenos Aires _bEmbajada de Venezuela _c1979 |
||
| 300 | 0 | _a93 p. | |
| 650 | 4 | _aPERIODO HISPANICO | |
| 650 | 4 | _aMUJERES | |
| 650 | 4 | _aMATRIMONIO | |
| 650 | 4 | _aFAMILIA | |
| 650 | 4 | _aDIVORCIO | |
| 650 | 4 | _aPERIODO INDEPENDIENTE | |
| 650 | 4 | _aDERECHOS CIVILES Y POLITICOS | |
| 650 | 4 | _aDERECHOS DE LA MUJER | |
| 650 | 4 | _aSOCIOLOGIA CULTURAL | |
| 650 | 4 | _aSOCIOLOGIA HISTORICA | |
| 651 | 4 | _aAmérica Latina | |
| 942 | _cBK | ||
| 998 | _cMariana | ||
| 999 |
_c6 _d6 |
||